000 00875nam a2200253Ia 4500
003 OSt
005 20220923215218.0
006 a|||||r|||| 00| 0
007 ta
008 220922b |||||||| |||| 00| 0 hin d
024 _a176,653
037 _cTextual
040 _aARTS
_cARTS
_bhin
041 _2hin
_ahin
082 _aO152,1:gN1, M5
100 _aशर्मा, रमेश चन्द्र
245 0 _aआधुनिक हिन्दी काव्य के नवरत्न
246 _aĀdhunik hindī kāvya ke navaratna
260 _aकानपुर
_b सरस्वती प्रकाशन
_c1985
300 _a240 पृ.
_ccm.
650 _aहिन्दी साहित्य
_9156264
942 _hO152,1:gN1, M5
_cTEXL
_2CC
999 _c330166
_d330166